zpět

Detail výsledku týmu

Harry, Brno

Datum a čas kvízu

20.5 Celkem bodů Celkový počet nahraných bodů na tomto kvízu bez doplňovacích otázek.
14. Pořadí na kvízu Konečné umístění týmu na tomto kvízu.

Zaznamenané odpovědi

# Otázka Odpověď Body Výsledky
1. ODS v pondělí představila svou... 1B 2D 3A 4C 1
2. Britské bankovky budou mít nov... C 0
3. Napište název filmu, který zís... Karavan; Bianca Cristovao 1
4. V rámci oslav 75. výročí od vz... Escherichia coli (E. coli) 1
5. V pátek se Česko po 24 letech... Carina Edlingerová; (para)biatlon 0.5
6. Nejrozšířenějším „národním spo... D 0
7. Za národní sport lze považovat... národní házená (česká házená) 0
8. Podle anglické Wikipedie exist... o Kanadě 1
9. U uzákoněných národních sportů... polo; basketbal 0
10. I medailové úspěchy z olympijs... D 1